000 00741nam a2200301Ia 4500
005 20251020182458.0
008 200515s9999 xx 000 0 und d
020 _a968-24-5446-8
082 _a624.136/S21
100 _aBalanzario Zamorate, José
100 _aSánchez Cervón, Julio
100 _aZapata Zepeda, José Enrique
245 0 _aCiencias de la Tierra
250 _a1a ed.
260 _aMéxico, D.F.
260 _bTrillas
260 _c2004
300 _a246 p.
300 _bil., col., map., tbl., graf.
500 _a1 ejemplar
650 _aATMOSFERA
650 _aCIENCIAS DE LA TIERRA
650 _aGEOGRAFIA
650 _aSISTEMA SOLAR
650 _aVULCANISMO
942 _cLIB
999 _c1075
_d1075